000
00306nam a2200121 a 4500
005
20140412111430.0
008
110218s19uu xx 00 eng d
050
_a
TR(PS E
_b
Il8 2004e
100
_a
Bunting, Eve
245
_a
I love you too!.
260
_a
New York :
_b
Scholastic,
_c
2004.
999
_c
106343
_d
106343